[Event "2000 - 2300 Senior Norm MT"]
[Site "SchemingMind.com"]
[Date "2007.06.20"]
[Round "-"]
[White "remman"]
[Black "Adunatos"]
[Result "1/2-1/2"]
[WhiteCountry "FIN"]
[BlackCountry "NED"]
[WhiteElo "2280"]
[WhiteRD "93"]
[BlackElo "2294"]
[BlackRD "67"]
[GameID "110147"]

1. e4 e6 2. d4 d5 3. Nc3 Nf6 4. Bg5 dxe4 5. Nxe4 Nbd7 6. Nf3 h6 7. Nxf6+ Nxf6 8. Bxf6 Qxf6 9. Bb5+ c6 10. Bd3 Bd6
11. Qe2 O-O 12. O-O-O Rd8 13. Kb1 a5 14. Ne5 c5 15. Bb5 Bc7 16. Ng4 Qe7 17. dxc5 Rxd1+ 18. Rxd1 Qxc5 19. Ne3 b6 20. Qf3 Rb8
21. Qc6 Qxc6 22. Bxc6 Ba6 23. g3 Kf8 24. c3 Rc8 25. b4 Be2 26. Rd2 Bh5 27. b5 Bg6+ 28. Kc1 Rd8 29. Rxd8+ Bxd8 30. Kd2 Bc7
31. h4 Bd6 32. a4 Ke7 33. Bf3 Bc5 34. Bd1 Bb1 35. h5 Be4 36. f4 Ba8 37. Nc4 Bd5=
1/2-1/2

[Event "2000 - 2300 Senior Norm MT"]
[Site "SchemingMind.com"]
[Date "2007.06.20"]
[Round "-"]
[White "Adunatos"]
[Black "remman"]
[Result "1/2-1/2"]
[WhiteCountry "NED"]
[BlackCountry "FIN"]
[WhiteElo "2294"]
[WhiteRD "67"]
[BlackElo "2280"]
[BlackRD "93"]
[GameID "110148"]

1. d4 Nf6 2. Bg5 e6 3. e4 h6 4. Bxf6 Qxf6 5. Nf3 d6 6. Nc3 g5 7. e5 Qe7 8. exd6 cxd6 9. Bb5+ Bd7 10. Bxd7+ Nxd7
11. O-O Bg7 12. Re1 O-O 13. Nd5 Qd8 14. Ne3 d5 15. c3 b5 16. a4 bxa4 17. Qxa4 Qc7 18. Rec1 a5 19. Qc2 Rfb8 20. Rcb1 Qc6
21. Ra3 a4 22. Ra2 Nb6 23. h4 gxh4 24. Nxh4 Nc4 25. Nxc4 Qxc4 26. Rba1 Qb3 27. Qc1 a3 28. bxa3 Rc8 29. Rc2 Bf8 30. Rb1 Qxa3
31. Qd2 Rab8 32. Rbc1 Bg7 33. Nf3 Rc4 34. Ra2 Qd6 35. g3 Qc7 36. Kh2 Rc8 37. Ra3=
1/2-1/2

[Event "2000 - 2300 Senior Norm MT"]
[Site "SchemingMind.com"]
[Date "2007.07.01"]
[Round "-"]
[White "David Houpt"]
[Black "Adunatos"]
[Result "1/2-1/2"]
[WhiteCountry "GBR"]
[BlackCountry "NED"]
[WhiteElo "2341"]
[WhiteRD "112"]
[BlackElo "2294"]
[BlackRD "67"]
[GameID "111236"]

1. e4 e6 2. d4 d5 3. Nd2 Nf6 4. e5 Nfd7 5. Bd3 c5 6. c3 Nc6 7. Ne2 cxd4 8. cxd4 f6 9. exf6 Nxf6 10. Nf3 Bd6
11. O-O O-O 12. Bf4 Nb4 13. Re1 Nxd3 14. Qxd3 Ne4 15. Bxd6 Nxd6 16. Ne5 Bd7 17. Nc3 Nf7 18. Rac1 Nxe5 19. Rxe5 Rc8 20. h3 Qh4
21. Qe3 Qf4 22. a3 Qxe3 23. Rxe3 Rf4 24. Rd1 g5 25. g3 Rff8 26. Rc1 Kf7 27. Rce1 Kg6 28. Kg2 Rc4 29. Rd3 h5 30. Re5 h4
31. b3 Rc7 32. Rde3=
1/2-1/2

[Event "2000 - 2300 Senior Norm MT"]
[Site "SchemingMind.com"]
[Date "2007.07.01"]
[Round "-"]
[White "David Houpt"]
[Black "remman"]
[Result "1/2-1/2"]
[WhiteCountry "GBR"]
[BlackCountry "FIN"]
[WhiteElo "2341"]
[WhiteRD "112"]
[BlackElo "2280"]
[BlackRD "93"]
[GameID "111237"]

1. e4 e5 2. Nf3 Nc6 3. Bb5 a6 4. Ba4 Nf6 5. O-O Be7 6. Re1 b5 7. Bb3 O-O 8. a4 Bb7 9. d3 d6 10. Nbd2 Nd7
11. c3 Nc5 12. axb5 axb5 13. Rxa8 Qxa8 14. Bc2 b4 15. d4 Nd7 16. Nf1 bxc3 17. bxc3 Bf6 18. Ng3 g6 19. Bh6 Bg7 20. Qd2 Qd8
21. Rb1 Nb6 22. Bd3 f6 23. Bxg7 Kxg7 24. Qc1 Qe7 25. Qe3 d5 26. exd5 Nxd5 27. Qc1 Nb6 28. d5 Na5 29. c4 Ba6 30. Nd2 Nxd5
31. cxd5 Bxd3 32. Ra1 Nb7 33. Qc3 Bf5 34. Nxf5+ gxf5 35. Ra7 Nc5 36. Ra5 Nb7 37. Rb5 Nd6 38. Rc5 Rc8 39. Rc6 Kh8 40. Qc5 Qd8
41. f3=
1/2-1/2

[Event "2000 - 2300 Senior Norm MT"]
[Site "SchemingMind.com"]
[Date "2007.07.01"]
[Round "-"]
[White "Adunatos"]
[Black "David Houpt"]
[Result "0-1"]
[WhiteCountry "NED"]
[BlackCountry "GBR"]
[WhiteElo "2252"]
[WhiteRD "64"]
[BlackElo "2317"]
[BlackRD "138"]
[GameID "111238"]

1. d4 Nf6 2. c4 e6 3. Nc3 Bb4 4. e3 O-O 5. Nf3 c5 6. Bd3 d5 7. O-O Nc6 8. a3 Bxc3 9. bxc3 dxc4 10. Bxc4 Qe7
11. Re1 e5 12. d5 Na5 13. Bb5 e4 14. d6 Qe6 15. Ng5 Qf5 16. h4 Rd8 17. Qa4 b6 18. Rd1 Bd7 19. c4 h6 20. Nh3 Qe5
21. Bd2 Bxh3 22. gxh3 a6
0-1

[Event "2000 - 2300 Senior Norm MT"]
[Site "SchemingMind.com"]
[Date "2007.07.02"]
[Round "-"]
[White "remman"]
[Black "David Houpt"]
[Result "1/2-1/2"]
[WhiteCountry "FIN"]
[BlackCountry "GBR"]
[WhiteElo "2280"]
[WhiteRD "93"]
[BlackElo "2341"]
[BlackRD "112"]
[GameID "111239"]

1. e4 d6 2. d4 Nf6 3. Nc3 g6 4. f4 Bg7 5. Nf3 O-O 6. Bd3 Na6 7. O-O c5 8. d5 Nc7 9. Qe1 Bd7 10. a4 b6
11. Qh4 a6 12. f5 b5 13. fxg6 fxg6 14. Bh6 Bxh6 15. Qxh6 Ng4 16. Qd2 b4 17. Ne2 e6 18. h3 Nf6 19. dxe6 Bxe6 20. Nf4 Bf7
21. b3 Qe7 22. Rae1 Nd7 23. Nd5 Bxd5 24. exd5 Qg7 25. a5 Rae8 26. Rxe8 Rxe8 27. Qf4 Qf6 28. Qg4 Qe7 29. Re1 Qd8 30. Rxe8+ Qxe8
31. Qg5 Qf8 32. Bxg6 hxg6 33. Qxg6+ Kh8=
1/2-1/2

[Event "2000 - 2300 Senior Norm MT"]
[Site "SchemingMind.com"]
[Date "2007.07.02"]
[Round "-"]
[White "NonZero"]
[Black "Adunatos"]
[Result "0-1"]
[WhiteCountry "POR"]
[BlackCountry "NED"]
[WhiteElo "1758"]
[WhiteRD "76"]
[BlackElo "2237"]
[BlackRD "58"]
[GameID "111319"]

1. d4 Nf6 2. c4 e6 3. Nc3 Bb4 4. f3 c5 5. d5 b5 6. e4 bxc4 7. Bxc4 Nxd5 8. Bxd5 exd5 9. Qxd5 Nc6 10. Ne2 Ba6
11. Kf2 O-O 12. Rd1 Re8
0-1

[Event "2000 - 2300 Senior Norm MT"]
[Site "SchemingMind.com"]
[Date "2007.07.02"]
[Round "-"]
[White "NonZero"]
[Black "remman"]
[Result "0-1"]
[WhiteCountry "POR"]
[BlackCountry "FIN"]
[WhiteElo "1752"]
[WhiteRD "81"]
[BlackElo "2196"]
[BlackRD "124"]
[GameID "111320"]

1. d4 Nf6 2. c4 e6 3. Nc3 Bb4 4. f3 d5 5. a3 Bxc3+ 6. bxc3 c5 7. cxd5 Nxd5 8. dxc5 Qa5 9. e4 Ne7 10. Qb3 Qxc5
11. Qb5+ Qxb5 12. Bxb5+ Bd7
0-1

[Event "2000 - 2300 Senior Norm MT"]
[Site "SchemingMind.com"]
[Date "2007.07.02"]
[Round "-"]
[White "David Houpt"]
[Black "NonZero"]
[Result "1-0"]
[WhiteCountry "GBR"]
[BlackCountry "POR"]
[WhiteElo "2179"]
[WhiteRD "166"]
[BlackElo "1758"]
[BlackRD "76"]
[GameID "111321"]

1. e4 e6 2. d4 d5 3. Nd2 Nf6 4. e5 Nfd7 5. Bd3 c5 6. c3 Nc6 7. Ne2 cxd4 8. cxd4 f6 9. exf6 Nxf6 10. Nf3 Bd6
11. O-O O-O 12. Bf4 Bxf4 13. Nxf4
1-0

[Event "2000 - 2300 Senior Norm MT"]
[Site "SchemingMind.com"]
[Date "2007.07.02"]
[Round "-"]
[White "remman"]
[Black "NonZero"]
[Result "1-0"]
[WhiteCountry "FIN"]
[BlackCountry "POR"]
[WhiteElo "2196"]
[WhiteRD "124"]
[BlackElo "1752"]
[BlackRD "81"]
[GameID "111323"]

1. e4 e6 2. d4 d5 3. Nc3 Nf6 4. Bg5 Be7 5. e5 Nfd7 6. Bxe7 Qxe7 7. f4 O-O 8. Nf3 c5 9. Qd2 Nc6 10. dxc5 f6
11. exf6 Qxf6 12. g3 Nxc5 13. O-O-O
1-0

[Event "2000 - 2300 Senior Norm MT"]
[Site "SchemingMind.com"]
[Date "2007.07.02"]
[Round "-"]
[White "Aumonde"]
[Black "David Houpt"]
[Result "0-1"]
[WhiteCountry "USA"]
[BlackCountry "GBR"]
[WhiteElo "2249"]
[WhiteRD "57"]
[BlackElo "2268"]
[BlackRD "145"]
[GameID "111331"]

1. c4 Nf6 2. d4 e6 3. Bf4 c5 4. Nc3 d5 5. dxc5 Bxc5 6. a3 e5 7. Bxe5 Bxf2+ 8. Kxf2 Ng4+ 9. Ke1 Nxe5 10. cxd5 O-O
11. Nf3 Re8 12. Nxe5 Rxe5 13. e4 Qb6 14. Qd2 Bf5 15. Bd3 Nd7 16. Kf1 Bg6 17. Qf2 Nc5 18. Rd1 Qd6 19. g3 Nxd3 20. Rxd3 f5
21. Rd2 fxe4 22. Qe3 Rf8+ 23. Kg2 Rf3 24. Qxa7 e3 25. Kxf3 exd2 26. Kg2 Re1 27. Rf1 d1=Q 28. Nxd1 Qxd5+ 29. Rf3 Qxd1
0-1

[Event "2000 - 2300 Senior Norm MT"]
[Site "SchemingMind.com"]
[Date "2007.07.02"]
[Round "-"]
[White "Aumonde"]
[Black "remman"]
[Result "1-0"]
[WhiteCountry "USA"]
[BlackCountry "FIN"]
[WhiteElo "2201"]
[WhiteRD "62"]
[BlackElo "2280"]
[BlackRD "93"]
[GameID "111333"]

1. d4 Nf6 2. Nf3 e6 3. c4 b6 4. e3 Bb7 5. Bd3 d5 6. cxd5 exd5 7. Ne5 Bd6 8. f4 O-O 9. O-O Qe7 10. Nc3 a6
11. Bd2 Nbd7 12. Qc2 c5 13. Be1 Rfe8 14. Bh4 Nf8 15. Ng4 Ng6 16. Bxf6 gxf6 17. Nh6+ Kh8 18. Rf3 cxd4 19. Nf5 Qd7 20. Nxd4 Bc5
21. Bf5 Qd6 22. Rd1 Rg8 23. Rh3 b5 24. a3 b4 25. axb4 Bxb4 26. Nb3 Rab8 27. Na2 Ba8 28. Qe2 a5 29. Nac1 a4 30. Nd4 Bc5
31. Qc2 Rb4 32. Nd3 Rc4 33. Qf2 Bb6 34. Nc1 Bxd4 35. exd4 Bb7 36. Nd3 Bc8 37. Bxc8 Rcxc8 38. Rf1 Rc4 39. f5 Nf8 40. Rh4 Qc7
41. Qe3 Rc2 42. g3 Rg5 43. Rhf4 Qb8 44. Qe7 Rg7 45. R1f2 Rc8 46. Nc5 Qb5 47. Qd6 Qc4 48. Qxf6 Kg8 49. Qe5 Ra8 50. R4f3 Rg4
51. Rd3 h6 52. h3 Rg5 53. Rc3 Qb5 54. Qxd5 Re8 55. Qf3 Nh7 56. Ne4 Rg7 57. Nd6
1-0

[Event "2000 - 2300 Senior Norm MT"]
[Site "SchemingMind.com"]
[Date "2007.07.02"]
[Round "-"]
[White "David Houpt"]
[Black "Aumonde"]
[Result "1/2-1/2"]
[WhiteCountry "GBR"]
[BlackCountry "USA"]
[WhiteElo "2268"]
[WhiteRD "145"]
[BlackElo "2249"]
[BlackRD "57"]
[GameID "111335"]

1. e4 d6 2. d4 Nf6 3. Nc3 c6 4. f4 Qa5 5. Bd2 Qb6 6. Nf3 Bg4 7. Na4 Bxf3 8. gxf3 Qd8 9. f5 e6 10. fxe6 fxe6
11. Qe2 e5 12. Be3 b5 13. dxe5 dxe5 14. Nc5 Bxc5 15. Bxc5 Na6 16. Qe3 Qa5+ 17. c3 Qc7 18. Rg1 g6 19. O-O-O Nxc5 20. Qxc5 Nd7
21. Qb4 O-O-O 22. Bh3 Kb7 23. Rxd7 Rxd7 24. Bxd7 Qxd7 25. Rd1 Qc7 26. Qc5 Rc8 27. Kc2 Qg7 28. h3=
1/2-1/2

[Event "2000 - 2300 Senior Norm MT"]
[Site "SchemingMind.com"]
[Date "2007.07.02"]
[Round "-"]
[White "Adunatos"]
[Black "Aumonde"]
[Result "1-0"]
[WhiteCountry "NED"]
[BlackCountry "USA"]
[WhiteElo "2256"]
[WhiteRD "61"]
[BlackElo "2249"]
[BlackRD "57"]
[GameID "111336"]

1. d4 d5 2. c4 e5 3. dxe5 d4 4. Nf3 Nc6 5. Nbd2 f6 6. exf6 Nxf6 7. a3 Bd6 8. Nb3 O-O 9. Nbxd4 Nxd4 10. Qxd4 c5
11. Qd3 Qe7 12. g3 Rd8 13. Qc2 Re8 14. e3 Bd7 15. Bg2 Bc6 16. O-O Be4 17. Qe2 Rad8 18. Nd2 Bg6 19. e4 Nxe4 20. Nxe4 Bxe4
21. Bg5 Qxg5 22. Bxe4 Be5 23. Rae1 g6 24. f4 Bd4+ 25. Kg2 Qe7 26. f5 Kg7 27. fxg6 hxg6 28. Qg4 Qd6 29. Rf3 Re6 30. Ref1 Rd7
31. Rf8 Qe5 32. R1f4 Be3 33. Qh3 Rd2+ 34. Kf1 Rd1+ 35. Ke2 Qxb2+ 36. Kf3 Qf2+ 37. Kg4 Qxf4+ 38. Rxf4 Bxf4 39. Bd5 Re8 40. gxf4 b6
41. Qc3+ Rd4 42. h4 Kh6 43. a4 Re2 44. a5 Re8 45. axb6 axb6 46. Qb3 Rf8 47. Qe3
1-0

[Event "2000 - 2300 Senior Norm MT"]
[Site "SchemingMind.com"]
[Date "2007.07.02"]
[Round "-"]
[White "remman"]
[Black "Aumonde"]
[Result "1-0"]
[WhiteCountry "FIN"]
[BlackCountry "USA"]
[WhiteElo "2303"]
[WhiteRD "97"]
[BlackElo "2219"]
[BlackRD "65"]
[GameID "111337"]

1. e4 c6 2. d4 d5 3. Nc3 dxe4 4. Nxe4 Bf5 5. Ng3 Bg6 6. h4 h6 7. Nf3 Nd7 8. h5 Bh7 9. Bd3 Bxd3 10. Qxd3 Qc7
11. Bd2 e6 12. O-O-O Ngf6 13. Ne4 Be7 14. g3 Nxe4 15. Qxe4 Nf6 16. Qe2 O-O 17. g4 Nh7 18. Kb1 Rfd8 19. g5 Nxg5 20. Nxg5 Bxg5
21. Bxg5 hxg5 22. h6 Qf4 23. hxg7 Kxg7 24. Rhg1 Rxd4 25. Rxd4 Qxd4 26. Rxg5+ Kf8 27. Rg4 Qd5 28. b3 Rd8 29. Rg1 c5 30. Qg4 Qe5
31. f4 Qf6 32. Qg2 b6 33. Rf1 Rd5 34. f5 Rxf5 35. Qa8+ Kg7 36. Rg1+ Rg5 37. Rh1 Kg6 38. Qe4+ Qf5 39. Qa8 Qe5 40. Qxa7 Qd6
41. Qa8 Qd4 42. Rf1 Rf5 43. Rh1 Rf4 44. Qf8 Kf6 45. a3 Rf3 46. Ka2 Rf2 47. Kb1 Qd2 48. Rc1 Rf4 49. Rh1 c4 50. bxc4 Qd4
51. Rh6+ Ke5 52. Qh8+ f6 53. Rh5+ Rf5 54. Rh1 Qxc4 55. Qb8+ Kd5 56. Rd1+ Kc5 57. Rd3 Kb5 58. Rb3+ Qxb3+ 59. cxb3 Rf1+ 60. Kc2 Rf2+
61. Kd1 Kc6 62. b4 Ra2 63. Qc8+ Kd6 64. b5 Ke5 65. Qc7+ Kf5 66. Qxb6 e5 67. Qe3 Ra1+ 68. Kc2 Ra2+ 69. Kb3 Rh2 70. Qf3+
1-0

[Event "2000 - 2300 Senior Norm MT"]
[Site "SchemingMind.com"]
[Date "2007.07.04"]
[Round "-"]
[White "Buckaroo Bob"]
[Black "David Houpt"]
[Result "0-1"]
[WhiteCountry "USA"]
[BlackCountry "GBR"]
[WhiteElo "1997"]
[WhiteRD "82"]
[BlackElo "2341"]
[BlackRD "112"]
[GameID "111424"]

1. c4 Nf6 2. Nf3 e6 3. Nc3 c5 4. g3 b6 5. Bg2 Bb7 6. O-O Be7 7. Re1 Ne4 8. d4 Nxc3 9. bxc3 Be4 10. Bf1 d6
11. h4 Nd7 12. d5 Bf6 13. Qb3 O-O 14. Ng5 exd5 15. cxd5 Bg6 16. Bd2 Re8 17. Bh3 h6 18. Ne6 fxe6 19. dxe6 c4 20. Qxc4 d5
21. Qg4 Ne5 22. Qb4 Nc4 23. Bf4 a5 24. Qb3 a4 25. Qb4 Be7 26. Qb5 Na3 27. Qb2 Nc2 28. Red1 Nxa1 29. Qxa1 Bf6 30. Qc1 Rc8
31. Qa3 Rc4
0-1

[Event "2000 - 2300 Senior Norm MT"]
[Site "SchemingMind.com"]
[Date "2007.07.04"]
[Round "-"]
[White "Buckaroo Bob"]
[Black "Aumonde"]
[Result "0-1"]
[WhiteCountry "USA"]
[BlackCountry "USA"]
[WhiteElo "2063"]
[WhiteRD "78"]
[BlackElo "2280"]
[BlackRD "56"]
[GameID "111425"]

1. c4 Nf6 2. Nf3 g6 3. d4 Bg7 4. Nc3 d5 5. e3 O-O 6. Bd3 c5 7. h3 cxd4 8. exd4 dxc4 9. Bxc4 b6 10. O-O Bb7
11. Ne5 e6 12. Bf4 Nc6 13. Nb5 a6 14. Nxc6 Bxc6 15. Nd6 Nd5 16. Be5 Bxe5 17. dxe5 Qg5 18. Qf3 Qxe5 19. Qg3 Qxg3 20. fxg3 Rad8
21. Ne4 Ne3 22. Rf4 e5 23. Nf6+ Kg7 24. Rf2 Nxc4 25. Rc1 Rd4 26. b3 Na5 27. a3 Rfd8 28. Ng4 Rd1+
0-1

[Event "2000 - 2300 Senior Norm MT"]
[Site "SchemingMind.com"]
[Date "2007.07.04"]
[Round "-"]
[White "Buckaroo Bob"]
[Black "Adunatos"]
[Result "0-1"]
[WhiteCountry "USA"]
[BlackCountry "NED"]
[WhiteElo "2012"]
[WhiteRD "78"]
[BlackElo "2283"]
[BlackRD "66"]
[GameID "111426"]

1. c4 Nf6 2. Nf3 e6 3. Nc3 Bb4 4. Qc2 O-O 5. a3 Be7 6. e4 c5 7. Bd3 Nc6 8. h3 d6 9. b3 Nh5 10. g3 Bd7
11. Bb2 Nf6 12. Ne2 e5 13. Nh4 a5 14. Nf5 Bxf5 15. exf5 d5 16. Qb1 a4 17. bxa4 Na5 18. cxd5 Qxd5 19. O-O Nb3 20. Nc3 Qc6
21. Bb5 Qb6 22. Re1 Rfd8 23. d3 c4 24. Bxc4 Bc5 25. Rxe5 Bxf2+
0-1

[Event "2000 - 2300 Senior Norm MT"]
[Site "SchemingMind.com"]
[Date "2007.07.04"]
[Round "-"]
[White "Buckaroo Bob"]
[Black "remman"]
[Result "0-1"]
[WhiteCountry "USA"]
[BlackCountry "FIN"]
[WhiteElo "2028"]
[WhiteRD "78"]
[BlackElo "2292"]
[BlackRD "110"]
[GameID "111427"]

1. c4 e5 2. Nc3 Nf6 3. Nf3 Nc6 4. a3 d5 5. d4 exd4 6. Nxd4 Nxd4 7. Qxd4 Be6 8. cxd5 Nxd5 9. e4 Nxc3 10. Qxc3 c6
11. Be3 Qf6 12. Qxf6 gxf6 13. Rd1 f5 14. Bd3 fxe4 15. Bxe4 Bg7 16. Bc5 Bxb2 17. O-O Bf6 18. Rb1 O-O-O 19. Bxa7 Bd4 20. Bxd4 Rxd4
21. Rfe1 h6 22. f3 Rd2 23. Red1 Rhd8 24. Rxd2 Rxd2 25. Rb4 f5 26. Bb1 Kc7 27. h3 c5 28. Rb5 Kc6 29. a4 Bc4
0-1

[Event "2000 - 2300 Senior Norm MT"]
[Site "SchemingMind.com"]
[Date "2007.07.04"]
[Round "-"]
[White "David Houpt"]
[Black "Buckaroo Bob"]
[Result "1-0"]
[WhiteCountry "GBR"]
[BlackCountry "USA"]
[WhiteElo "2341"]
[WhiteRD "112"]
[BlackElo "1997"]
[BlackRD "82"]
[GameID "111429"]

1. e4 c5 2. Nf3 e6 3. d4 cxd4 4. Nxd4 a6 5. Bd3 Ne7 6. O-O Nbc6 7. Nxc6 Nxc6 8. f4 Be7 9. Nd2 b5 10. Nb3 Bb7
11. c3 d5 12. Qe2 dxe4 13. Bxe4 Qc7 14. f5 e5 15. Re1 O-O 16. Qh5 Bf6 17. Nc5 Bc8 18. Qf3 Be7 19. Be3 Rb8 20. f6 Bxf6
21. Bxc6 Be7 22. b4 Rb6 23. Bd5 Rf6 24. Qe2 Rd8 25. c4 Rg6 26. Rf1 Bf6 27. Be4 Rg4 28. cxb5 axb5 29. Rad1 Rxd1 30. Rxd1 Qb8
31. Na6 Rxg2+ 32. Qxg2 Bxa6 33. Rd7 Qc8 34. Ra7
1-0

[Event "2000 - 2300 Senior Norm MT"]
[Site "SchemingMind.com"]
[Date "2007.07.04"]
[Round "-"]
[White "Aumonde"]
[Black "Buckaroo Bob"]
[Result "1-0"]
[WhiteCountry "USA"]
[BlackCountry "USA"]
[WhiteElo "2280"]
[WhiteRD "56"]
[BlackElo "2063"]
[BlackRD "78"]
[GameID "111430"]

1. e4 c5 2. Nf3 e6 3. d4 cxd4 4. Nxd4 a6 5. Bd2 d5 6. exd5 Qxd5 7. Nf3 Bc5 8. Nc3 Qd8 9. Ne4 Be7 10. Bf4 Qa5+
11. c3 Nc6 12. Nd6+ Bxd6 13. Bxd6 Nge7 14. Qc2 Nf5 15. Ba3 Nfd4 16. Nxd4 Nxd4 17. Qe4 Nc6 18. Be2 Qe5 19. Qd3 Bd7 20. Rd1 Rd8
21. O-O Bc8 22. Qc4 Bd7 23. Bd6 Qg5 24. Qb3 b5 25. Qa3 Ra8 26. Bf3 Ra7 27. Rfe1 f5 28. Qc5
1-0

[Event "2000 - 2300 Senior Norm MT"]
[Site "SchemingMind.com"]
[Date "2007.07.04"]
[Round "-"]
[White "Adunatos"]
[Black "Buckaroo Bob"]
[Result "1-0"]
[WhiteCountry "NED"]
[BlackCountry "USA"]
[WhiteElo "2283"]
[WhiteRD "66"]
[BlackElo "2012"]
[BlackRD "78"]
[GameID "111431"]

1. d4 Nf6 2. c4 e6 3. Nc3 Bb4 4. e3 O-O 5. Nf3 d5 6. Bd3 c5 7. a3 Bxc3+ 8. bxc3 dxc4 9. Bxc4 Qa5 10. Bd2 Ne4
11. O-O Nxd2 12. Qxd2 cxd4 13. cxd4 Qxd2 14. Nxd2 b6 15. Rac1 Bb7 16. Bb5 a6 17. Ba4 b5 18. Rc7 Bc8 19. Bd1 Nd7 20. Bf3 Rb8
21. Ne4 b4 22. axb4 Rxb4 23. Nd6 Nb6 24. Bc6 a5 25. Be8 Ba6 26. Rfc1 Nd5 27. Bxf7+ Kh8 28. R7c6 Bb7 29. R6c5 Nf6 30. Bxe6
1-0

[Event "2000 - 2300 Senior Norm MT"]
[Site "SchemingMind.com"]
[Date "2007.07.04"]
[Round "-"]
[White "remman"]
[Black "Buckaroo Bob"]
[Result "1-0"]
[WhiteCountry "FIN"]
[BlackCountry "USA"]
[WhiteElo "2280"]
[WhiteRD "93"]
[BlackElo "1997"]
[BlackRD "82"]
[GameID "111432"]

1. e4 c5 2. Nf3 e6 3. d4 cxd4 4. Nxd4 a6 5. Bd3 Ne7 6. O-O Nbc6 7. Nxc6 Nxc6 8. f4 Be7 9. Nd2 b5 10. Nf3 Bb7
11. Be3 O-O 12. c3 Qc7 13. a4 b4 14. Rc1 bxc3 15. Rxc3 Bb4 16. Rc1 Qa5 17. Nd2 Bxd2 18. Qxd2 Qxd2 19. Bxd2 a5 20. Rfd1 Ba6
21. Be3 Bxd3 22. Rxd3 Nb8 23. Kf2 Ra6 24. Rc7 Rd8 25. Rb7 Rc6 26. Rc3 Kf8 27. Bb6 Rxc3 28. bxc3 Rc8 29. Bxa5 f6 30. Rc7 Rxc7
31. Bxc7 Na6 32. Bd6+ Ke8 33. Ke3 Kd8 34. g4 g6 35. f5
1-0